Qui est le maître de ce cheval de fiction ? - Statistiques

Statistiques générales
  • Ce quiz a été pris 28 fois
  • Le résultat moyen est 6 sur 40
Statistiques - réponses
Cheval de fiction Maître % Correct
Jolly Jumper Lucky Luke
88%
Petit Tonnerre Yakari
84%
Tornado Zorro
68%
Gripoil Gandalf
52%
Epona Link
44%
Rossinante Don Quichotte
40%
Ablette Geralt de Riv
36%
Pile Poil Woody
28%
Khan Mulan
20%
Arabesque Caporal Blutch
12%
Le Comte Dutch
12%
Sleipnir Odin
12%
Samson Prince Philippe
12%
Frou-Frou Adelaide de Bonnefamille
8%
Joey Albert Narracott
8%
Artax Atreyu
8%
Pierre Ganforr
8%
Pilgrim Grace MacLean
8%
Philibert Maurice/Belle
8%
Blackjack Percy Jackson
8%
Aldebaran Ben Hur
4%
Cadoc Eragon
4%
Cisco John Dunbar
4%
Ivanhoé Actarus
0%
Invincible Arthas
0%
Crindombre Astrid
0%
Tonnerre Conan le barbare
0%
Rabastas D'Artagnan
0%
Campione Ezio Auditore
0%
Oncle Alfred Fifi Brindacier
0%
Suie Fitz Chevalerie
0%
Grant Jument Gargantua
0%
Gringalet Gauvain
0%
Durillon Joel/Ellie
0%
Bayard Johan
0%
Kokuo Kenshiro
0%
Bigadin La Mort
0%
L'Etranger Le Limier
0%
Phobos Misthios
0%
Argo Xena
0%
Aucun quiz correspondant
Distribution des résultats
% des personnes avec chaque résultat
Percentile par nombre de réponses
Votre historique - résultats
Vous n’avez pas pris ce quiz